|
|
|
|
| LEADER |
00000cam a2200000 a 4500 |
| 001 |
vtls001468424 |
| 003 |
SK-MaSNL |
| 005 |
20260302002732.0 |
| 008 |
251029s2003 xo a f 10000 slo |
| 015 |
|
|
|a SNBA2004/09-05050
|
| 020 |
|
|
|a 8071651265
|
| 035 |
|
|
|a SNK000423729
|
| 035 |
|
|
|a urn:nbn:sk:snk-amjt8c
|
| 035 |
|
|
|a urn:nbn:sk:snk:ar-a0b10q
|
| 035 |
|
|
|a ed683434-f48d-4971-becb-885ff6331ce8
|
| 040 |
|
|
|a SNK
|b slo
|c SNK
|e AACR2
|
| 041 |
0 |
|
|a slo
|
| 044 |
|
|
|a xo
|c SK
|
| 072 |
|
7 |
|a 27-1/-2
|x Kresťanská teológia. Dogmatická teológia
|2 konspekt
|
| 080 |
|
|
|a 726.597(091)
|2 1981
|
| 080 |
|
|
|a 27-558.7
|2 1981
|
| 080 |
|
|
|a (063)
|2 1981
|
| 245 |
0 |
0 |
|a Kapituly kanonikov
|b zborník príspevkov monotematického seminára s medzinárodnou účasťou z cirkevných dejín, Košice 13. marca 2003
|c [redaktori a zostavovatelia: Peter Zubko, Cyril Hišem]
|
| 250 |
|
|
|a [1. vyd.]
|
| 260 |
|
|
|a Košice
|b Teologická fakulta Katolíckej univerzity
|c 2003
|
| 300 |
|
|
|a 159 s.
|b sch.
|c 21 cm
|
| 490 |
1 |
|
|a Studia Academica Historiae Ecclesiae Cassoviensis / Katolícka univerzita
|v 5
|
| 500 |
|
|
|a Čiast. text nem.
|
| 500 |
|
|
|a Podľa ISBN vydal Michal Vaško
|
| 504 |
|
|
|a Bibliogr. odkazy
|
| 650 |
0 |
7 |
|a kapituly
|x dejiny
|2 SNKPH
|9 640498
|
| 650 |
0 |
7 |
|a kanonici
|2 SNKPH
|9 29574
|
| 655 |
|
7 |
|a zborníky konferencií
|2 SNKPH
|9 70153
|
| 655 |
|
7 |
|a issue_zb
|2 SNK
|9 276493
|
| 700 |
1 |
|
|a Zubko, Peter,
|d 1972-
|4 lso
|9 102438
|
| 700 |
1 |
|
|a Hišem, Cyril,
|d 1970-
|4 lso
|9 102755
|
| 710 |
2 |
|
|a Michal Vaško (vydavateľstvo : Prešov, Slovensko)
|4 pbl
|9 57535
|
| 830 |
|
0 |
|a Studia Academica Historiae Ecclesiae Cassoviensis / Katolícka univerzita
|9 640499
|
| 852 |
|
|
|a Slovenská národná knižnica
|
| 919 |
|
|
|a 80-7165-126-5
|
| 954 |
|
|
|a odborná, vedecká literatúra pôvodná (slovenská)
|2 lita
|
| 954 |
|
|
|a odborná, vedecká literatúra cudzojazyčná (svetová)
|2 lita
|
| 958 |
|
|
|a ART
|
| 958 |
|
|
|a NB
|
| 958 |
|
|
|a NT
|
| 958 |
|
|
|a OND
|
| 968 |
|
|
|d 2
|
| 999 |
|
|
|c 989151
|d 991081
|
| 952 |
|
|
|a SNK
|b SNK
|y PREZ
|7 0
|p 17A0414351
|o snkSC 114637
|i snkKSP 2172/2004
|g 13.28
|0 0
|1 0
|4 0
|d 2004-02-13
|l 0
|r 2025-10-03 00:00:00
|w 2026-02-24
|
| 952 |
|
|
|a SNK
|b SNK
|y VYP
|7 0
|p 17A0414356
|o snkSC 114637 D1
|i snkKSP 2173/2004
|g 13.28
|0 0
|1 0
|4 0
|d 2004-02-13
|l 0
|r 2005-01-02 00:00:00
|w 2026-02-24
|